| 000 | 00360nam a2200121Ia 4500 | ||
|---|---|---|---|
| 008 | 220217s9999 xx 000 0 und d | ||
| 245 | 0 | _aSpecification for rubber sand blast hose with braided textile reinforcement. | |
| 260 | _c1970 | ||
| 500 | _aStandard number: IS 5894 | ||
| 650 | _aBraided textile reinforcement | ||
| 650 | _aSand blast hose | ||
| 942 | _cST | ||
| 999 |
_c73873 _d73873 |
||